Statistics for African Flags with NO Green

Click here to take the quiz!

General Stats

  • This quiz has been taken 15 times
  • The average score is 10 of 11

Answer Stats

Answer % Correct
Eswatini
100%
Egypt
100%
Liberia
100%
Tunisia
100%
Angola
93%
Botswana
93%
Cape Verde
93%
Chad
87%
Somalia
87%
Uganda
87%
D.R. Congo
80%

Score Distribution

Percentile by Number Answered

Percent of People with Each Score

Your Score History

You have not taken this quiz